New England Trivia - Statistics

General Stats
  • This quiz has been taken 347 times
    312 since last reset
  • The average score is 12 of 22
Answer Stats
Hint Answer % Correct
What letter is often pronouned as "ah" in Boston? R
95%
New England is most famous for which season? Fall
92%
Which Ivy League school calls Rhode Island home? Brown Univerity
78%
The Appalachian Trail runs from Georgia to Maine, what is the only New England state that it does not pass through? Rhode Island
78%
What is the biggest city in Vermont? (pop. 42,900) Burlington
72%
The first two leaders of which Christian religion that has 16 million members worldwide were both born in Vermont? Mormonism
61%
The Green Mountains are to Vermont as The ____ Mountains are to New Hampshire White
61%
Which Rhode Island city is famous for it's mansions? Newport
60%
You would cross the Bourne Bridge to get to what popular vacation spot? Cape Cod
56%
Which river defines the New Hampshire-Vermont border? Connecticut River
56%
In the 1800s Nantucket and New Bedford were particularly prominent in what dangerous business? Whaling
56%
What species of tree is featured on the traditional flag of New England? Pine
48%
Part of three Boston Celtics NBA championship teams, who was the "Hick from French Lick"? Larry Bird
46%
Which city is home to basketball and volleyball? Springfield, MA
46%
Maine legistlature ruled in 1939 that it is illegal to put what in clam chowder? Tomatoes
46%
Where did the fastest surface wind speed in the world occur? (clocking in at 231 mph) Mt. Washington
42%
Which modern MLB team called Boston home from 1871-1952? Relocating first to Milwaukee before arrival in their current city. Atlanta Braves
41%
Who was the Patriots' starting quarterback before Tom Brady? Drew Bledsoe
38%
What was the first public park in America? Boston Common
35%
The United States Coast Guard Academy is located in what Constitution State city? New London
23%
What is the mascot of the University of New Hampshire? Wildcat
22%
Where is the first place in the contiguous United States to see the sunrise? Mt. Desert Island
7%
No matching quizzes found
Score Distribution
Percent of People with Each Score
Percentile by Number Answered
Your Score History
You have not taken this quiz since the last reset